000 00702nam a2200265Ia 4500
003 OSt
005 20221007112223.0
006 a|||||r|||| 00| 0
007 ta
008 221006b |||||||| |||| 00| 0 eng d
024 _a25,417
037 _cTextual
040 _aLCO
_cLCO
_beng
041 _2eng
_aeng
082 _aZ2,12, Q1
100 _aAgnes Flavia
245 0 _aFamily Law - 2v
250 _a1st
260 _aNew
_bDelhi Oxford University Press India
_c2011
300 _a215+377
490 _vVol - 1 Family Laws and Constitutional Claims1
650 _aFAMILY LAW
_9681480
942 _hZ2,12, Q1
_cTEXL
999 _c1194980
_d1194980